Ελληνικός λαϊκός πολιτισμός

Αποθηκεύτηκε σε:
Λεπτομέρειες βιβλιογραφικής εγγραφής
Κύριος συγγραφέας: Μάτσας, Νέστορας, 1930-2012
Μορφή: Βιβλίο
Γλώσσα:Greek
Δημοσίευση: Αθήνα : Βιβλιοπωλείο της Εστιας, 1975 - 1979.
Θέματα:
Ετικέτες: Προσθήκη ετικέτας
Δεν υπάρχουν, Καταχωρήστε ετικέτα πρώτοι!

MARC

LEADER 00000cam a2200000 i 4500
001 1/32109
008 960730m19751979gr | ||| |||| ||gre||
035 |1 ΕΛΗ  |a 1996  |b 2407  |c ΒΙΒΛΙΟΘΗΚΗ  |l 10039012 
040 |a GR-MyUA  |b gre  |e AACR2 
041 0 |a gre 
082 0 |a 390.09595 
100 1 |a Μάτσας, Νέστορας,   |d 1930-2012. 
245 1 0 |a Ελληνικός λαϊκός πολιτισμός /   |c Νέστορα Μάτσα.  
260 |a Αθήνα :   |b Βιβλιοπωλείο της Εστιας,   |c 1975 - 1979.  
300 |a 3 τ. ;   |c 21 εκ.  
505 0 |a Τ. 1. Το περιβόλι με τα χαμένα παραμύθια -- τ. 2. Ο σπόρος του σταριού -- τ. 2. Το δισάκι του ασκητή.  
650 0 0 |a Folklore  |z Greece. 
650 0 0 |a Oral tradition  |z Greece. 
650 0 0 |a Folk literature, Greek. 
651 0 |a Greece  |x Social life and customs. 
740 0 2 |a Το περιβόλι με τα χαμένα παραμύθια. 
740 0 2 |a Ο σπόρος του σταριού 
740 0 2 |a Το δισάκι του ασκητή 
852 |a INST  |b SAMOS  |e 19961202  |h 390.09495 ΜΑΤ  |p 005300009547  |q 005300009547  |t BK  |y 0  |z τ.3 
852 |a INST  |b SAMOS  |e 19961202  |h 390.09495 ΜΑΤ  |p 005300009548  |q 005300009548  |t BK  |y 0  |z τ.2 
852 |a INST  |b SAMOS  |e 19960730  |h 390.09495 ΜΑΤ  |p 005300009549  |q 005300009549  |t BK  |y 0  |z τ.1 
852 |a INST  |b SAMOS  |e 19961202  |h 390.09495 ΜΑΤ  |p 005300009547  |q 005300009547  |t BK  |v τ.3:  |y 0  |z τ.3 
852 |a INST  |b SAMOS  |e 19961202  |h 390.09495 ΜΑΤ  |p 005300009548  |q 005300009548  |t BK  |v τ.2:  |y 0  |z τ.2 
852 |a INST  |b SAMOS  |e 19960730  |h 390.09495 ΜΑΤ  |p 005300009549  |q 005300009549  |t BK  |v τ.1:  |y 0  |z τ.1 
853 |a INST  |b SAMOS  |h 390.09495 ΜΑΤ 
909 |a Σ  |b 041618 
909 |a Σ  |b 041619 
909 |a Σ  |b 041620